|
|
|
|
| LEADER |
00909nam a2200217 a 4500 |
| 001 |
GR-MES393 |
| 008 |
991111s1990 nyu 001 0 eng|c |
| 020 |
|
|
|a 0070455228
|
| 040 |
|
|
|a GrPaTEI
|b gre
|c GR-PaULI
|
| 100 |
1 |
|
|a McConnell, Campbell R.
|
| 245 |
1 |
0 |
|a Microeconomics :
|b principles, problems, and policies /
|c Campbell R. McConnell ; Stanley L.Brue.
|
| 260 |
|
|
|a New York :
|b McGraw-Hill,
|c 1990.
|
| 300 |
|
|
|a xxxi, 544 σ. :
|b εικ., πιν. ;
|c 26 εκ.
|
| 500 |
|
|
|a Περιλαμβάνει ευρετήριο.
|
| 650 |
|
0 |
|a Microeconomics
|
| 650 |
|
4 |
|a Μικροοικονομική.
|
| 700 |
1 |
|
|a Brue, Stanley L.,
|d 1945-
|
| 942 |
|
|
|2 ddc
|
| 952 |
|
|
|0 0
|1 0
|2 ddc
|4 0
|6 338_500000000000000_CON
|7 0
|9 263622
|a MSLG
|b MSLG
|c BSC
|d 2021-01-17
|e 24
|f 0
|g 0.00
|l 0
|o 338.5 CON
|p 2420000002661
|r 2021-01-17 00:00:00
|t 1
|w 2021-01-17
|y BK15
|x 19991111 0 1
|x GrPaTEI
|
| 971 |
|
|
|a .b2571434x
|b 15-04-20
|c 13-09-16
|
| 999 |
|
|
|c 151773
|d 151773
|